Training language and culture. Vol. 7, iss. 4: Emergent trends in language education (Запись № 13157440)

Подробности
000 -МАРКЕР
контрольное поле 01568nam2a2200289 4500
001 - ИДЕНТИФИКАТОР ЗАПИСИ
контрольное поле RU\NLR\PER_A\012065202_000070
005 - ИДЕНТИФИКАТОР ВЕРСИИ
контрольное поле 20260408203421.0
035 ## - ДРУГИЕ СИСТЕМНЫЕ НОМЕРА
Идентификатор записи (NLR Aleph) 022240014
100 ## - ДАННЫЕ ОБЩЕЙ ОБРАБОТКИ
Данные общей обработки 20240603d2023 |||y0rusy50 ca
101 0# - ЯЗЫК РЕСУРСА
Язык текста, звукозаписи и т.д. английский
102 ## - СТРАНА ПУБЛИКАЦИИ ИЛИ ПРОИЗВОДСТВА
Страна публикации российская федерация
200 1# - ЗАГЛАВИЕ И СВЕДЕНИЯ ОБ ОТВЕТСТВЕННОСТИ
Основное заглавие Emergent trends in language education
Сведения, относящиеся к заглавию bridging tradition and technology
Первые сведения об ответственности ed. by Dr Lazar Stošić
210 ## - ПУБЛИКАЦИЯ, РАСПРОСТРАНЕНИЕ И ДР.
Место издания, распространения и т.д. Moscow
Имя издателя, распространителя и т. д. Peoples' friendship univ. of Russia
Дата издания, распространения и т.д. 2023
215 ## - ФИЗИЧЕСКАЯ ХАРАКТЕРИСТИКА
Специфическое обозначение материала и объем 101 c.
Другие сведения о физической характеристике цв. ил.
Размеры 30
320 ## - ПРИМЕЧАНИЯ О НАЛИЧИИ В ДОКУМЕНТЕ БИБЛИОГРАФИИ / УКАЗАТЕЛЯ
Текст примечания Библиогр. в конце ст.
461 #0 - УРОВЕНЬ НАБОРА
Встроенное поле 001RU\NLR\Perin\1258438
-- 2001#$aTraining language and culture$ethe quarterly journal of International language association (ICC) & Peoples' friendship university of Russia (RUDN university)$vVol. 7, iss. 4
Системный номер (АБИС) связанной записи 11726239
Место публикации Bohum
Дата публикации 2018-
Имя издателя, распространителя и т.д. ICC press, Intern. certificate conf. - The Intern. lang. assoc.
Сведения, относящиеся к заглавию the quarterly journal of International language association (ICC) & Peoples' friendship university of Russia (RUDN university)
Заглавие Training language and culture
ISSN 2520-2073
Номер тома Vol. 7, iss. 4
540 1# - ДОПОЛНИТЕЛЬНОЕ ЗАГЛАВИЕ, ПРИМЕНЯЕМОЕ КАТАЛОГИЗАТОРОМ
Заглавие Новые тенденции в языковом образовании, объединяющие традиции и технологии
606 ## - НАИМЕНОВАНИЕ ТЕМЫ КАК ПРЕДМЕТ
Наименование темы Иностранные языки
Тематический подзаголовок Преподавание
-- Инновации
-- Высшая школа
Идентификатор авторитетной/нормативной записи RU\NLR\AUTH\661538454
Системный номер авторитетной/нормативной записи 2601896
686 1# - ИНДЕКСЫ ДРУГИХ КЛАССИФИКАЦИЙ
Индекс Ч486.17
702 #1 - ИМЯ ЛИЦА - ВТОРИЧНАЯ ОТВЕТСТВЕННОСТЬ
Начальный элемент ввода Stošić
Часть имени, кроме начального элемента ввода L.
Расширение инициалов личного имени Lazar
852 ## - МЕСТОНАХОЖДЕНИЕ И ШИФР ХРАНЕНИЯ
Идентификатор организации NLR
Шифр хранения (Call Number) P35/296
942 ## - ДОПОЛНИТЕЛЬНЫЕ ЭЛЕМЕНТЫ ЗАПИСИ (АБИС)
Тип экземпляра АБИС Выпуск
980 ## - КОЛЛЕКЦИЯ
Название коллекции Национальная библиография
980 ## - КОЛЛЕКЦИЯ
Название коллекции Иностранная периодика

Нет доступных экземпляров.